| 000 | 00380nam a2200145Ia 4500 | ||
|---|---|---|---|
| 008 | 150201s2005 xx 000 0 und d | ||
| 082 |
_a614 _bS05P |
||
| 100 | _aPUNDKAR,SHIVKUMAR R | ||
| 245 | _aSELF ASSESMENT AND REVIEW IN COMMUNITY MEDICINE | ||
| 250 | _a1ST | ||
| 260 |
_bJAYPEE BROTHERS _aDELHI _c2005 |
||
| 300 | _a1-7638 | ||
| 650 | _aCOMMUNITY MEDICINE | ||
| 942 |
_2ddc _cBK _03 |
||
| 999 |
_c505 _d505 |
||